000 nam a22 a 4500
999 _c135696
_d135696
003 BLK
005 20201009084900.0
008 180409b bul|||||r ||||||| ||bul||
010 _aKNG00141623000
040 _aBLK
041 _aBUL
_cBUL
072 7 _2bullib
_aЦ
_xРедки и ценни
080 _aМорал и общество. Човешки отношения. Уважение. Независимост. Вж и 395
_b177
_z177
110 1 _aПриятелска дружина. София
_92822
139 _aПриятелска дружина. София
_bП 88
245 1 0 _aТрудове на Приятелската дружина в София
_bКн. 1 -
_nКн. 1
257 _aBGR
260 _c1887 -
_fСофия : печ. К. Т. Кушлев
300 _c20 см
380 _a1
490 _9435080
_aКолекция Редки и ценни издания
500 _aИзд. д-во Приятелска дружинка.
650 4 _aМорал и общество
_9280586
650 4 _aПатриотизъм - в българската история
_9324953
653 _aнравственост
653 _aпатриотизъм
653 _aетика
659 _aЦ
760 1 _aПриятелска дружина. София
_d1887
_h46 с.
_tКн. 1
852 _aРб 887
_bРц
856 4 _qpdf
942 _cKNG
_n0
_s1
944 _aCR
_c03.04.2013
_lф / 03.04.2013
_kНаталия_Медовщикова
944 _aED
_c2020-10-09
999 _d135696